ბათუმის შოთა რუსთაველის სახელმწიფო უნივერსიტეტის ბიბლიოთეკა

რჩეული თხზულებანი სამ ტომად. ტ.3 (ბიბ.ჩანაწერი № 42656)

000 -LEADER
fixed length control field 00923nam a2200229Ia 4500
001 - CONTROL NUMBER
control field 9360
003 - CONTROL NUMBER IDENTIFIER
control field GE_BSU
008 - FIXED-LENGTH DATA ELEMENTS--GENERAL INFORMATION
fixed length control field 181216s||||||||xx |||||||||||||| ||und||
040 ## - CATALOGING SOURCE
Transcribing agency GE_BSU
080 ## - UNIVERSAL DECIMAL CLASSIFICATION NUMBER
Universal Decimal Classification number 821.353.1+821.353.1-2+821.353.1-92
100 ## - MAIN ENTRY--PERSONAL NAME
Personal name მოსაშვილი,ილო
245 ## - TITLE STATEMENT
Title რჩეული თხზულებანი სამ ტომად. ტ.3
245 ## - TITLE STATEMENT
Remainder of title დრამატურგია,პროზა,პუბლიცისტიკა
245 ## - TITLE STATEMENT
Statement of responsibility, etc. რედ.ილ.ხოშტარია,მხატვ.ნ.ლაფაჩი
260 ## - PUBLICATION, DISTRIBUTION, ETC.
Place of publication, distribution, etc. თბილისი
260 ## - PUBLICATION, DISTRIBUTION, ETC.
Name of publisher, distributor, etc. საბჭოთა საქართველო
260 ## - PUBLICATION, DISTRIBUTION, ETC.
Date of publication, distribution, etc. 1972
300 ## - PHYSICAL DESCRIPTION
Extent 378გვ.21სმ.
653 ## - INDEX TERM--UNCONTROLLED
Uncontrolled term დრამატურგია,პროზა,პუბლიცისტიკა
653 ## - INDEX TERM--UNCONTROLLED
Uncontrolled term რჩეული თხზულებანი
942 ## - ADDED ENTRY ELEMENTS (KOHA)
Koha item type წიგნი
ეგზემპლარები
Withdrawn status Lost status Damaged status Not for loan Date acquired Barcode Date last seen Price effective from Koha item type Public note
        2018-12-17 32322 2018-12-17 2018-12-17 წიგნი  
        2018-12-17 32323 2018-12-17 2018-12-17 წიგნი  
        2018-12-17 32324 2018-12-17 2018-12-17 წიგნი  
        2018-12-17 32325 2018-12-17 2018-12-17 წიგნი  
        2018-12-17 41437 2018-12-17 2018-12-17 წიგნი აგრარული ტექ.ფაკ.
        2018-12-17 41438 2018-12-17 2018-12-17 წიგნი აგრარული ტექ.ფაკ.
        2018-12-17 41439 2018-12-17 2018-12-17 წიგნი აგრარული ტექ.ფაკ.
        2018-12-17 41440 2018-12-17 2018-12-17 წიგნი აგრარული ტექ.ფაკ.